000 00748nam a2200277Ia 4500
001 7157
005 20240113233959.0
007 ta
008 050704s1974 a g b000 u eng u
040 _aCotton College,Assam
041 _aeng
082 _a331.831
_bD 26 C
100 _aDasgupta, Ajit K. .
245 0 _aCost-Benefit Analysis: Theory & Practice /
_cAjit K. Dasgupta & D.W. Pearce.
_hTextual Documents
250 _a1st ed. /
260 _aLondon :
_bThe Macmillan Press Ltd ,
_c1974.
300 _a270p. :
_bill. ;
_c22cm .
504 _aIndex
653 _aEconomics
653 _aCost Benefit
653 _aPG-Economics
700 _aPearce, D.W. .
942 _2ddc
_cBK
999 _c7144
_d7144